[Event "BL2-West 2122"]
[Site "Germany"]
[Date "2022.06.19"]
[Round "8.1"]
[White "Livaic, Leon"]
[Black "Klyuner, Vyacheslav"]
[Result "1-0"]
[WhiteElo "2560"]
[BlackElo "2438"]
[PlyCount "67"]
[EventDate "2022.03.05"]
[EventType "team-tourn"]
[EventRounds "10"]
[EventCountry "GER"]
[SourceTitle "EXT 2023"]
[Source "ChessBase"]
[SourceDate "2022.10.05"]
[SourceVersion "1"]
[SourceVersionDate "2022.10.05"]
[SourceQuality "1"]
[WhiteTeam "Heimbach Weis/Neuwied"]
[BlackTeam "Dortmund Hansa"]
[WhiteTeamCountry "GER"]
[BlackTeamCountry "GER"]

1. e4 d6 2. d4 Nf6 3. Bd3 c5 4. c3 cxd4 5. cxd4 e5 6. d5 Be7 7. Nc3 0-0 8. h3 Nfd7 9. Nf3 Nc5 10. Bc2 a5 11. Be3 Nba6 12. a3 Bd7 13. 0-0 b5 14. Bxc5 Nxc5 15. b4 Na6 16. Rb1 Rc8 17. Ne2 Qb6 18. Bd3 axb4 19. axb4 g6 20. Qb3 f5 21. exf5 gxf5 22. Nxe5 dxe5 23. d6+ Kg7 24. dxe7 Rf7 25. Ng3 Qd6 26. Rfe1 e4 27. Nh5+ Kg8 28. Re3 Be6 29. Rg3+ Qxg3 30. Qxe6 Qb8 31. Nf6+ Kg7 32. e8Q Rxe8 33. Nxe8+ Kf8 34. Nd6 1-0

[Event "BL2-West 1920"]
[Site "Germany"]
[Date "2021.08.08"]
[Round "9.1"]
[White "Klyuner, Vyacheslav"]
[Black "Van den Doel, Erik"]
[Result "1/2-1/2"]
[WhiteElo "2439"]
[BlackElo "2601"]
[PlyCount "81"]
[EventDate "2019.09.19"]
[EventType "team-tourn"]
[EventRounds "9"]
[EventCountry "GER"]
[SourceTitle "EXT 2023"]
[Source "ChessBase"]
[SourceDate "2022.10.05"]
[SourceVersion "1"]
[SourceVersionDate "2022.10.05"]
[SourceQuality "1"]
[WhiteTeam "Dortmund Hansa"]
[BlackTeam "Koeln Porz"]
[WhiteTeamCountry "GER"]
[BlackTeamCountry "GER"]

1. e4 c5 2. c3 e6 3. d4 d5 4. exd5 exd5 5. Nf3 Nc6 6. Be2 Bd6 7. dxc5 Bxc5 8. Nbd2 Nf6 9. Nb3 Bb6 10. 0-0 0-0 11. Bg5 Re8 12. Nbd4 h6 13. Bh4 g5 14. Nxc6 bxc6 15. Bg3 Ne4 16. Nd2 f5 17. Nxe4 Rxe4 18. h3 f4 19. Bh2 Qf6 20. Kh1 Bf5 21. Bd3 Re6 22. a4 Rae8 23. a5 Bc7 24. Bg1 Bxd3 25. Qxd3 f3 26. Qxf3 Qxf3 27. gxf3 Re2 28. b4 Bf4 29. Bh2 Bxh2 30. Kxh2 R8e3 31. Rac1 Rxf3 32. Kg2 Rf4 33. Rce1 Rfe4 34. Rxe2 Rxe2 35. Rd1 Kf7 36. b5 Ra2 37. bxc6 Rxa5 38. c7 Rc5 39. Rxd5 Rxc7 40. Rd6 Kg7 41. Ra6 1/2-1/2

[Event "BL2-West 1920"]
[Site "Germany"]
[Date "2020.03.01"]
[Round "7.3"]
[White "Klyuner, Vyacheslav"]
[Black "Fridman, Rafael"]
[Result "1/2-1/2"]
[WhiteElo "2439"]
[BlackElo "2444"]
[PlyCount "33"]
[EventDate "2019.09.19"]
[EventType "team-tourn"]
[EventRounds "9"]
[EventCountry "GER"]
[SourceTitle "EXT 2023"]
[Source "ChessBase"]
[SourceDate "2022.10.05"]
[SourceVersion "1"]
[SourceVersionDate "2022.10.05"]
[SourceQuality "1"]
[WhiteTeam "Dortmund Hansa"]
[BlackTeam "Bochum"]
[WhiteTeamCountry "GER"]
[BlackTeamCountry "GER"]

1. e4 e5 2. Nc3 Nc6 3. Nf3 Nf6 4. Bb5 Nd4 5. Nxd4 exd4 6. e5 dxc3 7. exf6 Qxf6 8. dxc3 Bc5 9. Qe2+ Qe7 10. Qxe7+ Kxe7 11. Ke2 c6 12. Bd3 d5 13. Be3 Bxe3 14. Kxe3 Be6 15. Rhe1 Kd6 16. Kd2 Rae8 17. Re3 1/2-1/2

[Event "BL2-West 1920"]
[Site "Germany"]
[Date "2019.11.24"]
[Round "3.3"]
[White "Klyuner, Vyacheslav"]
[Black "Halvax, Georg"]
[Result "0-1"]
[WhiteElo "2439"]
[BlackElo "2405"]
[PlyCount "156"]
[EventDate "2019.09.19"]
[EventType "team-tourn"]
[EventRounds "9"]
[EventCountry "GER"]
[SourceTitle "EXT 2023"]
[Source "ChessBase"]
[SourceDate "2022.10.05"]
[SourceVersion "1"]
[SourceVersionDate "2022.10.05"]
[SourceQuality "1"]
[WhiteTeam "Dortmund Hansa"]
[BlackTeam "Solingen II"]
[WhiteTeamCountry "GER"]
[BlackTeamCountry "GER"]

1. e4 c5 2. c3 d5 3. exd5 Qxd5 4. d4 Nc6 5. Nf3 Bg4 6. Be2 cxd4 7. cxd4 e6 8. Nc3 Bb4 9. 0-0 Qa5 10. Be3 Nge7 11. Qb3 0-0 12. a3 Bxc3 13. bxc3 Qc7 14. c4 Rfd8 15. Rfd1 Rac8 16. Rac1 b6 17. h3 Bf5 18. Qb5 Na5 19. Qb4 Nac6 20. Qd2 Be4 21. Ng5 Bg6 22. Bg4 Nf5 23. d5 Na5 24. Bxf5 Bxf5 25. d6 Qc6 26. Qb4 Nb7 27. Nf3 Rxd6 28. Ne5 Qc7 29. Rxd6 Qxd6 30. Qxd6 Nxd6 31. Rd1 Ne8 32. g4 Bc2 33. Rd7 f6 34. Nf3 Rc7 35. Rd8 Kf7 36. Nd4 Ba4 37. Nb5 Bxb5 38. cxb5 Ke7 39. Ra8 Nd6 40. a4 Nc8 41. Kf1 Kd7 42. Rb8 e5 43. Ke2 h6 44. Kd3 Nd6 45. Ra8 Ke6 46. f3 Rd7 47. Kc3 Kd5 48. Kb4 e4 49. fxe4+ Kxe4 50. Bg1 Kf3 51. Bh2 Ne4 52. a5 bxa5+ 53. Kxa5 Kg2 54. Bb8 Rd8 55. Rxa7 Rxb8 56. Rxg7 Kxh3 57. b6 Ng5 58. Rg6 Kxg4 59. Rxh6 Kf5 60. Ka6 Nf7 61. Rh1 Nd6 62. Ka7 Rf8 63. Rf1+ Ke4 64. Re1+ Kf3 65. Re6 Nc8+ 66. Ka6 Nxb6 67. Kxb6 f5 68. Kc5 Rd8 69. Kc4 f4 70. Kc3 Kf2 71. Re7 f3 72. Rg7 Kf1 73. Rf7 f2 74. Rg7 Rd5 75. Rg8 Ke2 76. Re8+ Kf3 77. Rf8+ Ke3 78. Kc2 Rd4 0-1

[Event "BL2-West 1819"]
[Site "Germany"]
[Date "2018.12.16"]
[Round "4.3"]
[White "Schlamp, Robert"]
[Black "Klyuner, Vyacheslav"]
[Result "0-1"]
[WhiteElo "2287"]
[BlackElo "2433"]
[PlyCount "107"]
[EventDate "2018.11.21"]
[EventType "team-tourn"]
[EventRounds "9"]
[EventCountry "GER"]
[SourceTitle "CBM 190 Extra"]
[Source "ChessBase"]
[SourceDate "2019.07.15"]
[SourceVersion "1"]
[SourceVersionDate "2019.07.15"]
[SourceQuality "1"]
[WhiteTeam "Oberursel"]
[BlackTeam "Dortmund Hansa"]
[WhiteTeamCountry "GER"]
[BlackTeamCountry "GER"]

1. e4 d6 2. Nf3 Nf6 3. d3 c5 4. g3 g6 5. Bg2 Bg7 6. 0-0 0-0 7. Nbd2 Nc6 8. c3 Rb8 9. Re1 Nd7 10. Nb3 b5 11. d4 b4 12. Bf4 bxc3 13. bxc3 Qb6 14. Qd2 a5 15. Bh6 a4 16. Bxg7 Kxg7 17. Nc1 Qb2 18. Qxb2 Rxb2 19. Nd3 Rc2 20. Rec1 Rxc1+ 21. Nxc1 cxd4 22. cxd4 Ba6 23. Bf1 Bxf1 24. Kxf1 Nf6 25. d5 Nb4 26. Rb1 Rc8 27. Rxb4 Rxc1+ 28. Ne1 a3 29. Ra4 Ra1 30. Rxa3 Nxe4 31. Re3 Nf6 32. Rxe7 Rxa2 33. Nd3 Nxd5 34. Rd7 Rd2 35. Nf4 Nxf4 36. gxf4 Kf6 37. Kg2 Ke6 38. Rb7 Rd5 39. Rb2 Rf5 40. Kg3 d5 41. Rd2 Kd6 42. Rd1 Kc5 43. Rc1+ Kd4 44. h4 h6 45. Rc7 Kd3 46. Kg4 d4 47. h5 Ke2 48. hxg6 fxg6 49. Rc6 h5+ 50. Kg3 Rd5 51. Rc2+ Kd1 52. Rc6 d3 53. Rxg6 d2 54. Ra6 0-1

[Event "BL2-West 1819"]
[Site "Germany"]
[Date "2018.11.11"]
[Round "2.1"]
[White "Dambacher, Martijn"]
[Black "Klyuner, Vyacheslav"]
[Result "1/2-1/2"]
[WhiteElo "2501"]
[BlackElo "2433"]
[PlyCount "53"]
[EventDate "2018.11.21"]
[EventType "team-tourn"]
[EventRounds "9"]
[EventCountry "GER"]
[SourceTitle "CBM 190 Extra"]
[Source "ChessBase"]
[SourceDate "2019.07.15"]
[SourceVersion "1"]
[SourceVersionDate "2019.07.15"]
[SourceQuality "1"]
[WhiteTeam "Aachen DJK II"]
[BlackTeam "Dortmund Hansa"]
[WhiteTeamCountry "GER"]
[BlackTeamCountry "GER"]

1. d4 Nf6 2. c4 e6 3. Nf3 Bb4+ 4. Nbd2 d5 5. Qa4+ Nc6 6. a3 Be7 7. e3 0-0 8. Bd3 h6 9. 0-0 Nb8 10. b4 Nbd7 11. Bb2 c6 12. c5 Qc7 13. Rae1 Re8 14. Ne5 Nxe5 15. dxe5 Nd7 16. f4 b6 17. cxb6 Nxb6 18. Qb3 a5 19. Rc1 axb4 20. axb4 Nd7 21. Bb1 Qb6 22. Bd4 Qxb4 23. Qd3 Nf8 24. Rxc6 Qa4 25. Rfc1 Bd7 26. Rc7 Rec8 27. Rxc8 1/2-1/2

[Event "BL2-West 1718"]
[Site "Germany"]
[Date "2018.04.15"]
[Round "9.2"]
[White "Hendriks, Willy"]
[Black "Klyuner, Vyacheslav"]
[Result "1/2-1/2"]
[WhiteElo "2401"]
[BlackElo "2437"]
[PlyCount "33"]
[EventDate "2017.10.08"]
[EventType "team-tourn"]
[EventRounds "9"]
[EventCountry "GER"]
[SourceTitle "EXT 2019"]
[Source "ChessBase"]
[SourceDate "2018.10.10"]
[SourceVersion "1"]
[SourceVersionDate "2018.10.10"]
[SourceQuality "1"]
[WhiteTeam "Bochum SG"]
[BlackTeam "Dortmund Hansa"]
[WhiteTeamCountry "GER"]
[BlackTeamCountry "GER"]

1. g3 Nf6 2. Bg2 d5 3. Nf3 c6 4. 0-0 Bg4 5. h3 Bxf3 6. Bxf3 Nbd7 7. d3 e5 8. Nd2 Bd6 9. e4 dxe4 10. dxe4 0-0 11. b3 b5 12. Bb2 Qe7 13. a4 a6 14. Qe2 Rfd8 15. Rfd1 Bc5 16. Kg2 Nb6 17. axb5 1/2-1/2

[Event "BL2-West 1718"]
[Site "Germany"]
[Date "2018.02.25"]
[Round "7.2"]
[White "Andersson, Ulf"]
[Black "Klyuner, Vyacheslav"]
[Result "1-0"]
[WhiteElo "2523"]
[BlackElo "2437"]
[PlyCount "129"]
[EventDate "2017.10.08"]
[EventType "team-tourn"]
[EventRounds "9"]
[EventCountry "GER"]
[SourceTitle "CBM 183 Extra"]
[Source "ChessBase"]
[SourceDate "2018.04.19"]
[SourceVersion "1"]
[SourceVersionDate "2018.04.19"]
[SourceQuality "1"]
[WhiteTeam "Duesseldorf"]
[BlackTeam "Dortmund Hansa"]
[WhiteTeamCountry "GER"]
[BlackTeamCountry "GER"]

1. d4 Nf6 2. Nf3 e6 3. c4 Bb4+ 4. Bd2 Qe7 5. e3 b6 6. Be2 Bxd2+ 7. Qxd2 Ne4 8. Qc2 Qb4+ 9. Nfd2 Nxd2 10. Nxd2 c5 11. a3 Qa5 12. Bf3 Nc6 13. d5 Ne5 14. dxe6 Nxf3+ 15. gxf3 dxe6 16. Qe4 Rb8 17. Qe5 Rb7 18. Qxg7 Rf8 19. Qf6 Rd7 20. 0-0-0 Bb7 21. Ne4 Bxe4 22. Rxd7 Kxd7 23. Rd1+ Kc8 24. Qe7 Rh8 25. Qd7+ Kb8 26. Qd6+ Kc8 27. Qd7+ Kb8 28. fxe4 Qa6 29. Qd6+ Kb7 30. Qd3 Rc8 31. e5 Qa4 32. Qd7+ Qxd7 33. Rxd7+ Rc7 34. Rd1 Kc6 35. Rd6+ Kb7 36. Kc2 Kc8 37. Rd1 f6 38. exf6 Rf7 39. Kd3 Rxf6 40. f4 Kd7 41. Ke4+ Ke7 42. Rg1 Kd6 43. Rd1+ Ke7 44. Rg1 Kd6 45. h4 Rh6 46. Rg4 a6 47. b3 Rf6 48. Rg5 Rf7 49. h5 Ke7 50. Rg8 Kd6 51. Rd8+ Kc7 52. Ra8 Kc6 53. Ke5 Rf5+ 54. Kxe6 Rxh5 55. Rc8+ Kb7 56. Re8 Rh3 57. Kd6 a5 58. f5 Rf3 59. e4 h5 60. Ke6 b5 61. f6 a4 62. bxa4 bxc4 63. f7 Rxf7 64. Kxf7 c3 65. Rg8 1-0

[Event "BL2-West 1718"]
[Site "Germany"]
[Date "2018.01.21"]
[Round "5.3"]
[White "Klyuner, Vyacheslav"]
[Black "Rotstein, Arkadij"]
[Result "0-1"]
[WhiteElo "2437"]
[BlackElo "2502"]
[PlyCount "86"]
[EventDate "2017.10.08"]
[EventType "team-tourn"]
[EventRounds "9"]
[EventCountry "GER"]
[SourceTitle "CBM 183 Extra"]
[Source "ChessBase"]
[SourceDate "2018.04.19"]
[SourceVersion "1"]
[SourceVersionDate "2018.04.19"]
[SourceQuality "1"]
[WhiteTeam "Dortmund Hansa"]
[BlackTeam "Koeln Porz"]
[WhiteTeamCountry "GER"]
[BlackTeamCountry "GER"]

1. e4 c5 2. Nf3 e6 3. d3 Nc6 4. g3 d5 5. Nbd2 g6 6. Bg2 Bg7 7. 0-0 Nf6 8. exd5 Nxd5 9. Nc4 0-0 10. Re1 Qc7 11. a4 h6 12. c3 Rd8 13. Qe2 b6 14. Nfe5 Nxe5 15. Nxe5 Bb7 16. a5 bxa5 17. Nc4 a4 18. Bf3 Nb6 19. Bf4 Qd7 20. Bxb7 Qxb7 21. Qc2 Qf3 22. Bc7 Rxd3 23. Bxb6 axb6 24. Nxb6 Rad8 25. Nc4 h5 26. Qe2 Qc6 27. Qe4 Qb5 28. Kg2 R3d5 29. h4 Kh7 30. Re2 f5 31. Na3 Qb7 32. Qf3 e5 33. Rc2 e4 34. Qe2 Rd3 35. Kh2 Qb3 36. Re1 R8d7 37. Nb1 Bh6 38. Rf1 Qd5 39. Re1 c4 40. Kg1 Bf8 41. Qf1 Bc5 42. Kh2 f4 43. gxf4 Qf5 0-1

[Event "BL2-West 1617"]
[Site "Germany"]
[Date "2017.03.19"]
[Round "7.4"]
[White "Klyuner, Vyacheslav"]
[Black "Schaefer, Markus"]
[Result "1-0"]
[WhiteElo "2439"]
[BlackElo "2399"]
[PlyCount "85"]
[EventDate "2016.10.16"]
[EventType "team-tourn"]
[EventRounds "9"]
[EventCountry "GER"]
[SourceTitle "EXT 2018"]
[Source "ChessBase"]
[SourceDate "2017.10.13"]
[SourceVersion "1"]
[SourceVersionDate "2017.10.13"]
[SourceQuality "1"]
[WhiteTeam "Wuerselen"]
[BlackTeam "Solingen II"]
[WhiteTeamCountry "GER"]
[BlackTeamCountry "GER"]

1. e4 e6 2. d3 d5 3. Nd2 Nf6 4. Ngf3 Bc5 5. e5 Nfd7 6. d4 Bb6 7. c4 c5 8. dxc5 Nxc5 9. b4 Ne4 10. c5 Bc7 11. Bb2 Nc6 12. b5 Nxd2 13. Qxd2 d4 14. Qf4 Ba5+ 15. Kd1 Ne7 16. Qxd4 0-0 17. Bd3 Qxd4 18. Bxd4 Rd8 19. Kc2 Nd5 20. Kb3 Bd7 21. Rhd1 f6 22. exf6 gxf6 23. Bc4 Be8 24. Nd2 Bg6 25. f3 f5 26. Nf1 f4 27. Be5 Rac8 28. Bxd5 Rxd5 29. Rxd5 exd5 30. Rc1 Bd3 31. Ka4 Bc7 32. Bxc7 Rxc7 33. Nd2 a6 34. b6 Re7 35. Kb4 Bb5 36. Nb3 Re2 37. Na5 d4 38. a4 Be8 39. Rd1 Rb2+ 40. Ka3 Rc2 41. Nxb7 Bf7 42. Rxd4 Kg7 43. Kb4 1-0

[Event "BL2-West 1516"]
[Site "Germany"]
[Date "2016.01.17"]
[Round "5.4"]
[White "Kern, Guido"]
[Black "Klyuner, Vyacheslav"]
[Result "1/2-1/2"]
[WhiteElo "2341"]
[BlackElo "2452"]
[PlyCount "39"]
[EventDate "2015.09.20"]
[EventType "team-tourn"]
[EventRounds "9"]
[EventCountry "GER"]
[SourceTitle "EXT 2017"]
[Source "ChessBase"]
[SourceDate "2016.10.25"]
[SourceVersion "1"]
[SourceVersionDate "2016.10.25"]
[SourceQuality "1"]
[WhiteTeam "Dinslaken"]
[BlackTeam "Bochum"]
[WhiteTeamCountry "GER"]
[BlackTeamCountry "GER"]

1. Nf3 Nf6 2. g3 d5 3. Bg2 c6 4. c4 e6 5. 0-0 Be7 6. d4 0-0 7. Qc2 b6 8. b3 Bb7 9. Rd1 Nbd7 10. Nc3 Qc7 11. Bf4 Bd6 12. Bxd6 Qxd6 13. e4 Nxe4 14. Nxe4 dxe4 15. Qxe4 Rfd8 16. Qe3 c5 17. Rd2 Qc7 18. Rad1 h6 19. dxc5 Nxc5 20. Qe5 1/2-1/2

[Event "BL2-West 1516"]
[Site "Germany"]
[Date "2015.12.13"]
[Round "4.4"]
[White "Klyuner, Vyacheslav"]
[Black "Piceu, Tom"]
[Result "1/2-1/2"]
[WhiteElo "2452"]
[BlackElo "2343"]
[PlyCount "31"]
[EventDate "2015.09.20"]
[EventType "team-tourn"]
[EventRounds "9"]
[EventCountry "GER"]
[SourceTitle "EXT 2017"]
[Source "ChessBase"]
[SourceDate "2016.10.25"]
[SourceVersion "1"]
[SourceVersionDate "2016.10.25"]
[SourceQuality "1"]
[WhiteTeam "Bochum"]
[BlackTeam "Aachen SV"]
[WhiteTeamCountry "GER"]
[BlackTeamCountry "GER"]

1. e4 c5 2. c3 e6 3. d4 d5 4. exd5 exd5 5. Nf3 Nf6 6. Bb5+ Nc6 7. Qe2+ Be6 8. 0-0 Bd6 9. dxc5 Bxc5 10. Nd4 Qd7 11. Nd2 0-0 12. N2f3 Bg4 13. Qd3 Bd6 14. h3 Bh5 15. Nf5 Bc7 16. N3d4 1/2-1/2

[Event "BL2-West 1415"]
[Site "Germany"]
[Date "2015.03.15"]
[Round "8.4"]
[White "Kniest, Oliver"]
[Black "Klyuner, Vyacheslav"]
[Result "1/2-1/2"]
[WhiteElo "2302"]
[BlackElo "2456"]
[PlyCount "40"]
[EventDate "2014.09.21"]
[EventType "team-tourn"]
[EventRounds "9"]
[EventCountry "GER"]
[SourceTitle "CBM 166 Extra"]
[Source "ChessBase"]
[SourceDate "2015.06.18"]
[SourceVersion "1"]
[SourceVersionDate "2015.06.18"]
[SourceQuality "1"]
[WhiteTeam "Solingen II"]
[BlackTeam "Bochum SG"]
[WhiteTeamCountry "GER"]
[BlackTeamCountry "GER"]

1. d4 Nf6 2. c4 e6 3. Nc3 Bb4 4. Qc2 c5 5. dxc5 0-0 6. Nf3 Na6 7. g3 Nxc5 8. Bg2 Nce4 9. 0-0 Nxc3 10. bxc3 Be7 11. e4 d6 12. e5 dxe5 13. Nxe5 Qc7 14. Qe2 Nd7 15. Bf4 Nxe5 16. Bxe5 Bd6 17. Rfe1 Rb8 18. Rad1 Bxe5 19. Qxe5 Qxe5 20. Rxe5 b6 1/2-1/2

[Event "BL2-West 1415"]
[Site "Germany"]
[Date "2014.12.07"]
[Round "4.4"]
[White "Reinderman, Dimitri"]
[Black "Klyuner, Vyacheslav"]
[Result "1-0"]
[WhiteElo "2588"]
[BlackElo "2456"]
[PlyCount "91"]
[EventDate "2014.09.21"]
[EventType "team-tourn"]
[EventRounds "9"]
[EventCountry "GER"]
[SourceTitle "CBM 166 Extra"]
[Source "ChessBase"]
[SourceDate "2015.06.18"]
[SourceVersion "1"]
[SourceVersionDate "2015.06.18"]
[SourceQuality "1"]
[WhiteTeam "Koeln Porz"]
[BlackTeam "Bochum SG"]
[WhiteTeamCountry "GER"]
[BlackTeamCountry "GER"]

1. e4 d6 2. Nc3 Nf6 3. f4 d5 4. e5 d4 5. exf6 dxc3 6. fxg7 cxd2+ 7. Bxd2 Bxg7 8. Qf3 Nc6 9. 0-0-0 Nd4 10. Qh5 Qd6 11. c3 Nc6 12. Nf3 Qg6 13. Qc5 Qf5 14. Be3 Qxc5 15. Bxc5 Be6 16. Bb5 Bxa2 17. Rhe1 e6 18. Kc2 a6 19. Bxc6+ bxc6 20. b3 Rb8 21. Nd2 Rb5 22. Bd4 Bxd4 23. cxd4 c5 24. Ra1 Bxb3+ 25. Nxb3 cxd4 26. Rxa6 0-0 27. Nxd4 Rc5+ 28. Kd3 Rd8 29. Ra4 Rh5 30. Ke4 Rxh2 31. Ra2 Rh5 32. Rc1 Rhd5 33. Nc6 Re8 34. Ra7 Rd2 35. g3 f6 36. Rxc7 Ra8 37. Nd4 e5 38. Rc8+ Rxc8 39. Rxc8+ Kf7 40. Rc7+ Kg6 41. Nf5 Re2+ 42. Kf3 Ra2 43. g4 Ra3+ 44. Kg2 Ra2+ 45. Kh3 Ra3+ 46. Kh4 1-0

[Event "BL2-West 1314"]
[Site "Germany"]
[Date "2014.03.16"]
[Round "8.4"]
[White "Piceu, Tom"]
[Black "Klyuner, Vyacheslav"]
[Result "1/2-1/2"]
[WhiteElo "2337"]
[BlackElo "2444"]
[PlyCount "24"]
[EventDate "2013.10.13"]
[EventType "team-tourn"]
[EventRounds "9"]
[EventCountry "GER"]
[SourceTitle "EXT 2015"]
[Source "ChessBase"]
[SourceDate "2014.11.20"]
[SourceVersion "1"]
[SourceVersionDate "2014.11.20"]
[SourceQuality "1"]
[WhiteTeam "Aachen SV"]
[BlackTeam "Bochum 31"]
[WhiteTeamCountry "GER"]
[BlackTeamCountry "GER"]

1. d4 Nf6 2. Nf3 e6 3. g3 c5 4. Bg2 Nc6 5. 0-0 d5 6. c4 cxd4 7. Nxd4 Be7 8. Nc3 0-0 9. cxd5 exd5 10. Be3 Be6 11. Nxc6 bxc6 12. Na4 Qa5 1/2-1/2

[Event "BL2-West 1314"]
[Site "Germany"]
[Date "2014.01.19"]
[Round "5.4"]
[White "Klyuner, Vyacheslav"]
[Black "Palac, Mladen"]
[Result "1-0"]
[WhiteElo "2444"]
[BlackElo "2561"]
[PlyCount "81"]
[EventDate "2013.10.13"]
[EventType "team-tourn"]
[EventRounds "9"]
[EventCountry "GER"]
[SourceTitle "EXT 2015"]
[Source "ChessBase"]
[SourceDate "2014.11.20"]
[SourceVersion "1"]
[SourceVersionDate "2014.11.20"]
[SourceQuality "1"]
[WhiteTeam "Bochum 31"]
[BlackTeam "Wiesbaden"]
[WhiteTeamCountry "GER"]
[BlackTeamCountry "GER"]

1. e4 c5 2. Nf3 d6 3. d4 cxd4 4. Nxd4 Nf6 5. Nc3 a6 6. g3 e5 7. Nde2 Be7 8. Bg2 0-0 9. 0-0 Be6 10. h3 Nbd7 11. g4 Nb6 12. Ng3 d5 13. exd5 Nfxd5 14. Nxd5 Bxd5 15. Bxd5 Qxd5 16. Qxd5 Nxd5 17. c4 Nb4 18. Be3 Rfc8 19. Rfe1 Nd3 20. Re2 b5 21. b3 bxc4 22. bxc4 Nb4 23. Ree1 Rc6 24. a3 Nd3 25. Red1 Nb2 26. Rd7 Bf8 27. c5 Nc4 28. Ne4 Nxe3 29. fxe3 Bxc5 30. Kf2 Bf8 31. a4 Rb8 32. Kf3 f6 33. Ra7 Rb4 34. Rd1 Rcc4 35. Rd8 Rxe4 36. Raa8 g6 37. Rxf8+ Kg7 38. Rfd8 h5 39. g5 fxg5 40. Ra7+ Kf6 41. Rd6+ 1-0

[Event "BL2-West 1314"]
[Site "Germany"]
[Date "2013.12.15"]
[Round "4.4"]
[White "Schuh, Dirk"]
[Black "Klyuner, Vyacheslav"]
[Result "1/2-1/2"]
[WhiteElo "2377"]
[BlackElo "2444"]
[PlyCount "82"]
[EventDate "2013.10.13"]
[EventType "team-tourn"]
[EventRounds "9"]
[EventCountry "GER"]
[SourceTitle "EXT 2015"]
[Source "ChessBase"]
[SourceDate "2014.11.20"]
[SourceVersion "1"]
[SourceVersionDate "2014.11.20"]
[SourceQuality "1"]
[WhiteTeam "Duesseldorf"]
[BlackTeam "Bochum 31"]
[WhiteTeamCountry "GER"]
[BlackTeamCountry "GER"]

1. e4 d6 2. d4 Nf6 3. Nc3 e5 4. Nf3 Nbd7 5. g4 Nxg4 6. Rg1 Ngf6 7. Bc4 exd4 8. Nxd4 Nb6 9. Be2 g6 10. Bg5 Be7 11. Qd3 Be6 12. 0-0-0 Bc4 13. Qe3 Bxe2 14. Qxe2 Nfd7 15. Bh6 c6 16. f4 Nc5 17. e5 d5 18. f5 Qd7 19. b4 Nca4 20. e6 fxe6 21. Nxa4 Nxa4 22. Nxe6 Qd6 23. Rd3 Qxb4 24. Qe5 Rg8 25. Nc7+ Kd7 26. Nxa8 Qd6 27. Qxd6+ Bxd6 28. Rf3 Nc5 29. f6 Rxa8 30. h4 Bf8 31. Bxf8 Rxf8 32. h5 Ne4 33. hxg6 hxg6 34. Rxg6 Ke6 35. Rg7 Rf7 36. Ra3 a6 37. Rb3 Nc5 38. Re3+ Kxf6 39. Rxf7+ Kxf7 40. Kb2 Ne6 41. Rh3 Kf6 1/2-1/2

[Event "BL2-West 1213"]
[Site "Germany"]
[Date "2013.02.24"]
[Round "7.5"]
[White "Repplinger, Marc"]
[Black "Klyuner, Vyacheslav"]
[Result "0-1"]
[WhiteElo "2245"]
[BlackElo "2435"]
[PlyCount "92"]
[EventDate "2012.10.14"]
[EventType "team-tourn"]
[EventRounds "9"]
[EventCountry "GER"]
[SourceTitle "CBM 154 Extra"]
[Source "ChessBase"]
[SourceDate "2013.06.25"]
[SourceVersion "2"]
[SourceVersionDate "2013.06.25"]
[SourceQuality "1"]
[WhiteTeam "Koblenz"]
[BlackTeam "Bochum SG"]
[WhiteTeamCountry "GER"]
[BlackTeamCountry "GER"]

1. d4 Nf6 2. Nf3 e6 3. c4 Bb4+ 4. Nbd2 d5 5. g3 0-0 6. Bg2 b6 7. 0-0 Bb7 8. cxd5 exd5 9. Ne5 Nbd7 10. Ndf3 Nxe5 11. Nxe5 Bd6 12. Bg5 Re8 13. Ng4 Be7 14. Nxf6+ Bxf6 15. Bxf6 Qxf6 16. e3 c5 17. dxc5 bxc5 18. Rc1 Rac8 19. Qb3 Ba6 20. Rfe1 Red8 21. Qa4 g6 22. b4 cxb4 23. Qxb4 Rc4 24. Qd2 d4 25. Rxc4 Bxc4 26. exd4 Rxd4 27. Qb4 Kg7 28. Qa5 a6 29. Bf1 Rd5 30. Qb4 Bxf1 31. Kxf1 a5 32. Qc4 Rd2 33. Re2 Rd4 34. Qc2 h5 35. h4 a4 36. Kg2 Rb4 37. Qd2 Rb1 38. Qe3 Qc6+ 39. Qe4 Qc1 40. Qe5+ Kh7 41. Kf3 Qh1+ 42. Kf4 Qc6 43. Qe7 Rb7 44. Qe5 Rb5 45. Qd4 Rf5+ 46. Ke3 Qf3+ 0-1

[Event "BEL-chT 1112"]
[Site "Belgium"]
[Date "2012.04.01"]
[Round "11.6"]
[White "Klyuner, Vyacheslav"]
[Black "Kaufeld, Juergen"]
[Result "1/2-1/2"]
[WhiteElo "2428"]
[BlackElo "2261"]
[PlyCount "84"]
[EventDate "2011.10.09"]
[EventType "team-tourn"]
[EventRounds "11"]
[EventCountry "BEL"]
[SourceTitle "EXT 2013"]
[Source "ChessBase"]
[SourceDate "2012.11.22"]
[SourceVersion "1"]
[SourceVersionDate "2012.11.22"]
[SourceQuality "1"]
[WhiteTeam "Ans"]
[BlackTeam "Eynatten"]
[WhiteTeamCountry "BEL"]
[BlackTeamCountry "BEL"]

1. e4 c5 2. c3 d5 3. exd5 Qxd5 4. d4 g6 5. Nf3 Bg7 6. Be2 Nf6 7. 0-0 0-0 8. c4 Qd6 9. Nc3 cxd4 10. Qxd4 Qxd4 11. Nxd4 Ne4 12. Rd1 Nxc3 13. bxc3 Bd7 14. Ba3 Ba4 15. Rdb1 Nc6 16. Rxb7 Nxd4 17. cxd4 Bxd4 18. Rc1 Rfe8 19. Bf3 Rac8 20. Bxe7 Bb6 21. Bb4 Bc6 22. Re7 Rxe7 23. Bxe7 Bxf3 24. gxf3 f5 25. Bg5 Kf7 26. Kf1 Ke6 27. Be3 Ke5 28. c5 Bc7 29. Rc4 Kd5 30. Rh4 h5 31. Ra4 a5 32. Rd4+ Kc6 33. f4 Rd8 34. Rc4 Rb8 35. Kg2 Rb2 36. Kf3 Rb1 37. Rd4 Rh1 38. Kg2 Rb1 39. Rd2 Rb4 40. Kf3 Rb1 41. Bd4 Re1 42. h3 Bb8 1/2-1/2

[Event "NRW Class2 1112"]
[Site "Germany"]
[Date "2012.01.08"]
[Round "5.5"]
[White "Haude, Ruediger"]
[Black "Klyuner, Vyacheslav"]
[Result "0-1"]
[WhiteElo "2059"]
[BlackElo "2392"]
[PlyCount "54"]
[EventDate "2011.09.18"]
[EventType "team-tourn"]
[EventRounds "9"]
[EventCountry "GER"]
[SourceTitle "EXT 2015"]
[Source "ChessBase"]
[SourceDate "2014.11.20"]
[SourceVersion "1"]
[SourceVersionDate "2014.11.20"]
[SourceQuality "1"]
[WhiteTeam "Letmathe"]
[BlackTeam "Dortmund Hansa II"]
[WhiteTeamCountry "GER"]
[BlackTeamCountry "GER"]

1. d4 Nf6 2. Nf3 e6 3. g3 b5 4. Bg2 Bb7 5. 0-0 c5 6. e3 d5 7. Ne5 Nbd7 8. Nxd7 Qxd7 9. Nd2 Be7 10. dxc5 Bxc5 11. Nb3 Bb6 12. Bd2 0-0 13. Bc3 Qc7 14. a4 bxa4 15. Rxa4 e5 16. Rh4 a5 17. Kh1 a4 18. Nd2 a3 19. Nb3 Rfd8 20. Rb4 d4 21. exd4 Bxg2+ 22. Kxg2 Nd5 23. Qe2 Nxb4 24. Bxb4 axb2 25. dxe5 Qc6+ 26. Kh3 Rdc8 27. c3 Qe6+ 0-1